|
|
|
|
| LEADER |
00000nab a2200000 a 4500 |
| 001 |
vtls000890822 |
| 003 |
SK-MaSNL |
| 005 |
20260304182503.0 |
| 008 |
250505c2004 xo |||p||o| |00 b|slo |
| 015 |
|
|
|a SNBRB2004/11
|2 snkbucl
|
| 035 |
|
|
|a urn:nbn:sk:snk-ab7yg2
|
| 035 |
|
|
|a (urnnbn)urn:nbn:sk:snk:ar-004w3h
|
| 035 |
|
|
|a (uuid)174cd454-e61c-4c94-83ba-c3a28df06f02
|
| 038 |
|
|
|a SNKBUCL
|
| 040 |
|
|
|a SNKBUCL
|b slo
|c SNKBUCL
|e AACR2
|
| 041 |
0 |
|
|a slo
|
| 044 |
|
|
|a xo
|c SK
|
| 080 |
|
|
|a 94(437.6)
|x "1939/1945"
|x (048)
|2 1997
|
| 100 |
1 |
|
|a Šmigeľ, Michal,
|d 1975-
|4 aut
|9 253844
|
| 245 |
1 |
0 |
|a Slovenská republika 1939-1945 očami mladých historikov
|c M. Šmigeľ - P. Ličko
|
| 500 |
|
|
|a Zostavovateľom recenzovaného zborníka je Martin Lacko
|
| 611 |
2 |
7 |
|a Slovenská republika 1939-1945 očami mladých historikov
|n (1. :
|d 2002 :
|c Modrová, Slovensko)
|2 snkbucl
|9 69510
|
| 648 |
|
7 |
|a 1939-1945
|2 snkbucl
|9 281648
|
| 650 |
0 |
7 |
|a zborníky
|2 snkbucl
|9 108488
|
| 651 |
|
7 |
|a Slovensko
|x dejiny
|2 snkbucl
|9 13278
|
| 651 |
|
7 |
|a Slovensko (1939-1945)
|2 snkbucl
|9 172088
|
| 655 |
|
7 |
|a recenzie
|2 snkbucl
|9 21907
|
| 700 |
1 |
|
|a Ličko, P.
|4 aut
|9 1345912
|
| 773 |
0 |
|
|t Historický časopis
|g Roč. 52, č. 2 (2004), s. 410-411
|x 0018-2575
|
| 787 |
0 |
8 |
|i Rec.:
|t Slovenská republika 1939-1945 očami mladých historikov. I
|d Trnava : Univerzita sv. Cyrila a Metoda, 2002
|z 8089034381
|
| 850 |
|
|
|a Slovenská národná knižnica
|
| 852 |
|
|
|a Slovenská národná knižnica
|
| 954 |
|
|
|a odborná, vedecká literatúra pôvodná (slovenská)
|2 lita
|
| 958 |
|
|
|a article9
|
| 958 |
|
|
|a OND
|
| 958 |
|
|
|a RC
|
| 958 |
|
|
|a OS
|
| 958 |
|
|
|a EUIPO
|
| 999 |
|
|
|c 3029608
|d 3031538
|